Datum a čas kvízu

40 Celkem bodů Celkový počet nahraných bodů na tomto kvízu bez doplňovacích otázek.
4. Pořadí na kvízu Konečné umístění týmu na tomto kvízu.

Zaznamenané odpovědi

# Otázka Odpověď Body Výsledky
-14. Ani finálový večer Univerzitní... Radovan Krejčíř 1
-13. Ministerstvo vnitra ukončilo r... D 1
-12. Poslanecká sněmovna v pátek př... C 0
-11. Do české knihy rekordů se dost... během jednoho roku odehrála nejvíce různých představení v hlavní roli 0
-10. První červenou kartu vidělo mi... Wayne Hennessey, Wales 1
16. V následujícím tématu budete n... brečeli - Liberec 1
17. Z písmen jednoho z největších... Ostrava - aorta 1
18. Jiný výraz pro neposedu najdet... Pardubice - čipera 0
19. Přesmýknutím dalšího z měst zí... Brno - Born 1
20. V posledním z měst najdete sta... Olomouc - molo 1